000
00265nam a2200109Ia 4500
008
220204s9999 xx 000 0 und d
082
_a
65.012.2
_b
PLA
245
0
_a
Planning. Pt 4
260
_a
USA
_b
Harward College
_c
1971
650
_a
Business planning
942
_c
BK
999
_c
37290
_d
37290